000 00407nam a2200157 i 4500
001 141580
003 ES-MaACL
005 20230906200325.0
007 t|
008 070925s1925 fr ||||1| fre d
245 0 4 _aLes villes d'eaux françaises.
260 _a[Paris :
_bMasson],
_c1925.
300 _a89 p. :
_bil. ;
_c20 cm.
650 1 4 _aBalnearios-
_zFrancia.
_910481
852 _aES-MaACL
_j1687-F-11
999 _c141580
_d141580